000 00428nam a22001817a 4500
003 MPLRDC
005 20220104173151.0
008 210129b ||||| |||| 00| 0 eng d
082 _a870.57 MONT-2
100 _aL. M. MONTGOMERY
245 _aANNE OF THE ISLAND
_c
250 _a初版
260 _a
_bPENGUIN GROUP
_c1991
300 _b
490 _aSIGNET CLASSIC
650 _aFICTION
942 _cBK
_o870.57 MONT-2
999 _c59294
_d59284